| 000 | 00395nam a22001697a 4500 | ||
|---|---|---|---|
| 005 | 20160622111951.0 | ||
| 008 | 160622b xxu||||| |||| 00| 0 eng d | ||
| 020 | _a978-81-203-3159-4 | ||
| 041 | _aeng | ||
| 082 | _b8950 | ||
| 100 |
_aKrajeloski, Rityman and Malhotra _92470 |
||
| 245 | _aOperations Management | ||
| 260 | _bPHI | ||
| 300 | _a704 | ||
| 650 |
_aManagement _9241 |
||
| 942 | _cBK | ||
| 999 |
_c3508 _d3507 |
||